000 02030cam a2200445 i 4500
001 70724
003 Mx-PuUPA
005 20251104140644.0
008 240125s2015 ne ae gr 000 0 eng d
020 _a9789462082182
040 _aMx-PuUPA
_bspa
_cMx-PuUPA
_dMx-PuUPA
_erda
041 0 _aeng
043 _ae-sp---
130 0 _aArchiprix International
245 1 0 _aArchiprix Madrid 2015 /
_cedited by Henk van der Veen ; text editing George Hall ; translation into spanish, André Koster
246 3 4 _aMadrid Archiprix :
_bmejores proyectos fin de carrera del mundo 2015. Arquitectura, urbanismo, paisajismo = world's best graduation projects 2015. Architecture, urban design, landscape architecture
246 3 1 _aMadrid Archiprix :
_bworld's best graduation projects 2015. Architecture, urban design, landscape architecture
264 1 _aRotterdam :
_bStichting Archiprix : nai010 Publishers,
_c2015
300 _a153 páginas :
_bilustraciones, planos ;
_c30 cm
336 _2rdacontent
_atexto
_btxt
336 _2rdacontent
_aimagen fija
_bsti
337 _2rdamedia
_asin medio
_bn
338 _2rdacarrier
_avolumen
_bnc
500 _a"HunterDouglas Awards ; Rotterdam 2001, Istanbul 2003, Glasgow 2005, Shanghai 2007, Montevideo 2009, Cambridge USA 2011, Moscow 2013". -- Portada.
546 _aTítulo de la portada en inglés y español.
650 7 _2armarc
_aArchiprix Internacional
_zMadrid, 2015
650 7 _2armarc
_aArquitectura moderna
_ySiglo XXI
650 7 _2armarc
_aArquitectura del paisaje
650 7 _2armarc
_aPremios de arquitectura
650 7 _2armarc
_aArquitectura
_xConcursos
650 7 _2armarc
_aArquitectura
_xEstudio y enseñanza
700 1 _aVeen, Henk van der,
_eeditor
700 1 _aHall, George,
_eeditor
700 1 _aKoster, André,
_etraductor
942 _2ddc
_cLI
_h724.7
_iA66
999 _c70724
_d70724